Análisis de riesgo en estudios de factibilidad económica de carreteras
Gespeichert in:
| 1. Verfasser: | |
|---|---|
| Format: | Buch |
| Veröffentlicht: |
[San José , Costa Rica]
1983
|
| Schlagworte: | |
| Tags: |
Tag hinzufügen
Keine Tags, Fügen Sie den ersten Tag hinzu!
|
MARC
| LEADER | 00000nam a2200000Ia 4500 | ||
|---|---|---|---|
| 003 | 002244 | ||
| 005 | 20221231144417.0 | ||
| 008 | 140114s1983 cr a m 000 ||s d | ||
| 040 | |c cru CEDI | ||
| 090 | |a TFG 1366 | ||
| 100 | |a Fonseca Corrales, Marvin |9 15205 | ||
| 245 | |a Análisis de riesgo en estudios de factibilidad económica de carreteras | ||
| 260 | |c 1983 |a [San José , Costa Rica] | ||
| 300 | |a [100] hojas : ilustraciones ; 29 cm | ||
| 500 | |a Proyecto de graduación (ingeniero civil)--Universidad de Costa Rica. Facultad de Ingeniería. Escuela de Ingeniería Civil | ||
| 650 | |x CONSTRUCCION DE CARRETERAS |x CARRETERAS - FINANCIACION |x CARRETERAS - COSTOS |9 15206 | ||
| 942 | |c TFG | ||
| 999 | |c 21474 |d 21474 | ||
